[Event "Mitropa Cup 04th"]
[Site "Bern"]
[Date "1979.10.12"]
[Round "6.4"]
[White "Bonfa, Ileano"]
[Black "Messing, Hrvoje"]
[Result "0-1"]
[WhiteElo "2300"]
[BlackElo "2420"]
[PlyCount "62"]
[EventDate "1979.10.07"]
[EventType "team-tourn"]
[EventRounds "7"]
[EventCountry "SUI"]
[Source "ChessBase"]
[SourceDate "2003.11.25"]
[WhiteTeam "Italy"]
[BlackTeam "Yugoslavia"]
[WhiteTeamCountry "ITA"]
[BlackTeamCountry "YUG"]

1. e4 e5 2. Nf3 Nc6 3. Bb5 Bc5 4. O-O Qf6 5. c3 Nge7 6. b4 Bb6 7. Na3 a6 8. Ba4
O-O 9. Nc4 Ba7 10. Ne3 d6 11. Bc2 Be6 12. Bb2 d5 13. exd5 Nxd5 14. Qb1 g6 15.
Be4 Nf4 16. Kh1 Rad8 17. a4 Qg7 18. Ra3 f5 19. Bxc6 bxc6 20. c4 Bd4 21. Nxd4
exd4 22. d3 a5 23. b5 c5 24. Re1 Rfe8 25. Nf1 Bc8 26. Ra2 Rxe1 27. Qxe1 Nxd3
28. Qxa5 Qf7 29. Nd2 Re8 30. h3 f4 31. Kh2 f3 0-1

[Event "Mitropa Cup 04th"]
[Site "Bern"]
[Date "1979.10.13"]
[Round "7.2"]
[White "Feller, Joseph"]
[Black "Wittmann, Walter"]
[Result "0-1"]
[WhiteElo "2225"]
[BlackElo "2360"]
[PlyCount "86"]
[EventDate "1979.10.07"]
[EventType "team-tourn"]
[EventRounds "7"]
[EventCountry "SUI"]
[Source "ChessBase"]
[SourceDate "2003.11.25"]
[WhiteTeam "Luxembourg"]
[BlackTeam "Austria"]
[WhiteTeamCountry "LUX"]
[BlackTeamCountry "AUT"]

1. e4 c5 2. c3 Nf6 3. e5 Nd5 4. d4 cxd4 5. cxd4 d6 6. Nf3 Nc6 7. Nc3 dxe5 8.
dxe5 Be6 9. Ng5 Nxc3 10. Qxd8+ Rxd8 11. bxc3 Bf5 12. f4 e6 13. Be3 Ba3 14. Rd1
Rxd1+ 15. Kxd1 Bb2 16. Bb5 f6 17. Nf3 Bxc3 18. Ke2 fxe5 19. fxe5 Kd7 20. Rc1
Bb2 21. Rc4 Kc7 22. Bd4 Bxd4 23. Nxd4 Rd8 24. Bxc6 bxc6 25. Ke3 Rd5 26. Nxc6
Kb6 27. Rc3 g5 28. h3 h5 29. Kf3 h4 30. a3 a5 31. Ke3 a4 32. Ke2 Rb5 33. Nd4
Rxe5+ 34. Re3 Rxe3+ 35. Kxe3 Kc5 36. Nf3 Kc4 37. Nxg5 Kb3 38. Kd4 Kxa3 39. Kc3
Ka2 40. Nf3 Be4 41. Ng5 Bxg2 42. Nxe6 Bxh3 43. Nd4 Bg4 0-1

[Event "Mitropa Cup 04th"]
[Site "Bern"]
[Date "1979.10.13"]
[Round "7.1"]
[White "Sellos, Didier"]
[Black "Nikolac, Juraj"]
[Result "0-1"]
[WhiteElo "2360"]
[BlackElo "2450"]
[PlyCount "92"]
[EventDate "1979.10.07"]
[EventType "team-tourn"]
[EventRounds "7"]
[EventCountry "SUI"]
[Source "ChessBase"]
[SourceDate "2003.11.25"]
[WhiteTeam "France"]
[BlackTeam "Yugoslavia"]
[WhiteTeamCountry "FRA"]
[BlackTeamCountry "YUG"]

1. e4 c6 2. d4 d5 3. Nd2 dxe4 4. Nxe4 Bf5 5. Ng3 Bg6 6. h4 h6 7. Nf3 Nd7 8. h5
Bh7 9. Bd3 Bxd3 10. Qxd3 Ngf6 11. Bd2 e6 12. O-O-O Qc7 13. Ne4 O-O-O 14. g3 Nc5
15. Nxc5 Bxc5 16. Qc4 Bb6 17. Bf4 Qe7 18. Rd3 Bc7 19. Bxc7 Qxc7 20. Ne5 Rd5 21.
g4 Rhd8 22. f3 Nd7 23. f4 c5 24. dxc5 Nxe5 25. fxe5 Qxe5 26. Rhd1 Rxd3 27. cxd3
Rd4 28. Qb5 Qf4+ 29. Kc2 a6 30. Qe8+ Rd8 31. Qe7 Qxg4 32. Qxf7 Qa4+ 33. Kc1
Qxa2 34. Qxg7 Qa1+ 35. Kc2 Qa4+ 36. b3 Qa2+ 37. Kc3 Qe2 38. Rd2 Qe3 39. b4 a5
40. bxa5 Qxc5+ 41. Kb2 Kb8 42. Qxh6 Rc8 43. Qf4+ $4 e5 44. Qf2 Qb4+ 45. Ka2 Rc1
46. a6 Qa4+ 0-1

[Event "Mitropa Cup 04th"]
[Site "Bern"]
[Date "1979.10.13"]
[Round "7.2"]
[White "Raicevic, Vladimir"]
[Black "Roos, Daniel"]
[Result "1-0"]
[WhiteElo "2440"]
[BlackElo "2250"]
[PlyCount "103"]
[EventDate "1979.10.07"]
[EventType "team-tourn"]
[EventRounds "7"]
[EventCountry "SUI"]
[Source "ChessBase"]
[SourceDate "2003.11.25"]
[WhiteTeam "Yugoslavia"]
[BlackTeam "France"]
[WhiteTeamCountry "YUG"]
[BlackTeamCountry "FRA"]

1. c4 Nf6 2. Nc3 d5 3. d4 g6 4. Nf3 Bg7 5. e3 O-O 6. Qb3 c6 7. Bd2 Qb6 8. Bd3
dxc4 9. Bxc4 Bf5 10. O-O Qxb3 11. Bxb3 Nbd7 12. Rfe1 Ne4 13. Nxe4 Bxe4 14. Rac1
Rac8 15. Bc3 h6 16. Nd2 Bd5 17. e4 Bxb3 18. Nxb3 b6 19. Red1 e6 20. e5 c5 21.
f4 Rfd8 22. dxc5 Nxc5 23. Nxc5 bxc5 24. Rxd8+ Rxd8 25. Kf2 Rd5 26. Re1 g5 27.
g3 gxf4 28. gxf4 Kh7 29. Ke3 Bf8 30. Ke4 Rd7 31. Rg1 Be7 32. f5 exf5+ 33. Kxf5
Bg5 34. Ke4 Bd8 35. h3 h5 36. a4 a6 37. Rg3 Bh4 38. Rd3 Rxd3 39. Kxd3 Kg6 40.
Ke4 Bf2 41. Bd2 Bg1 42. b3 Bf2 43. Ba5 Kg5 44. Bd8+ Kg6 45. Be7 Bg1 46. Kd5 Kf5
47. Bxc5 Bh2 48. Bd6 Kg5 49. b4 Bg1 50. Bc5 Bh2 51. b5 axb5 52. a5 1-0

[Event "Mitropa Cup 04th"]
[Site "Bern"]
[Date "1979.10.13"]
[Round "7.3"]
[White "Meinsohn, Pierre"]
[Black "Djuric, Stefan"]
[Result "0-1"]
[WhiteElo "2290"]
[BlackElo "2415"]
[PlyCount "58"]
[EventDate "1979.10.07"]
[EventType "team-tourn"]
[EventRounds "7"]
[EventCountry "SUI"]
[Source "ChessBase"]
[SourceDate "2003.11.25"]
[WhiteTeam "France"]
[BlackTeam "Yugoslavia"]
[WhiteTeamCountry "FRA"]
[BlackTeamCountry "YUG"]

1. Nf3 c5 2. c4 g6 3. g3 Bg7 4. Bg2 Nc6 5. Nc3 Nf6 6. O-O O-O 7. e4 d6 8. d3
Ne8 9. Be3 Nd4 10. Qd2 Bg4 11. Nh4 Qd7 12. f4 f5 13. h3 Bh5 14. Kh2 e6 15. Rae1
Kh8 16. Nf3 Bxf3 17. Bxf3 Rb8 18. Rb1 a5 19. Bd1 Nc7 20. Qg2 Qe7 21. Ba4 Bf6
22. Rbe1 Qg7 23. Qd2 Rg8 24. e5 dxe5 25. fxe5 Be7 26. Bh6 Qf7 27. Bg5 Bxg5 28.
Qxg5 Qg7 29. Ne2 Qxe5 0-1

[Event "Mitropa Cup 04th"]
[Site "Bern"]
[Date "1979.10.13"]
[Round "7.1"]
[White "Toth, Bela"]
[Black "Hug, Werner"]
[Result "1/2-1/2"]
[WhiteElo "2470"]
[BlackElo "2460"]
[PlyCount "80"]
[EventDate "1979.10.07"]
[EventType "team-tourn"]
[EventRounds "7"]
[EventCountry "SUI"]
[Source "ChessBase"]
[SourceDate "2003.11.25"]
[WhiteTeam "Italy"]
[BlackTeam "Switzerland"]
[WhiteTeamCountry "ITA"]
[BlackTeamCountry "SUI"]

1. d4 Nf6 2. c4 d6 3. Nc3 Nbd7 4. Nf3 e5 5. e4 c6 6. h3 g6 7. Be3 Bg7 8. d5 c5
9. Nd2 O-O 10. Be2 Ne8 11. g4 a6 12. h4 Rb8 13. h5 Nc7 14. Nf1 b5 15. Ng3 bxc4
16. Qd2 Re8 17. Bh6 Bxh6 18. Qxh6 Qe7 19. O-O-O Nb5 20. Rdg1 g5 21. Nf5 Qf6 22.
Bxc4 Nxc3 23. bxc3 Qxh6 24. Nxh6+ Kf8 25. Nf5 Nb6 26. Nxd6 Rd8 27. Nxc8 Nxc8
28. f3 Nd6 29. Be2 c4 30. Kc2 Rdc8 31. Ra1 a5 32. Rhb1 Nb5 33. a3 Nd6 34. Kd2
h6 35. Bd1 Ke7 36. Ba4 Kd8 37. Bc6 Kc7 38. Kc2 Rxb1 39. Rxb1 Rb8 40. Ra1 f6
1/2-1/2

[Event "Mitropa Cup 04th"]
[Site "Bern"]
[Date "1979.10.13"]
[Round "7.4"]
[White "Bichsel, Walter"]
[Black "Bonfa, Ileano"]
[Result "1/2-1/2"]
[WhiteElo "2280"]
[BlackElo "2300"]
[PlyCount "43"]
[EventDate "1979.10.07"]
[EventType "team-tourn"]
[EventRounds "7"]
[EventCountry "SUI"]
[Source "ChessBase"]
[SourceDate "2003.11.25"]
[WhiteTeam "Switzerland"]
[BlackTeam "Italy"]
[WhiteTeamCountry "SUI"]
[BlackTeamCountry "ITA"]

1. e4 c5 2. Nf3 Nc6 3. Bb5 g6 4. O-O Bg7 5. c3 Nf6 6. Re1 O-O 7. h3 Qc7 8. d4
cxd4 9. cxd4 d5 10. exd5 Nxd5 11. Nc3 Nxc3 12. bxc3 Na5 13. Ba3 Bf6 14. Rc1 a6
15. Bf1 Rd8 16. Nd2 b6 17. Be2 Bb7 18. Bf3 Rac8 19. Bb4 Nc6 20. Ba3 Na5 21. Bb4
Nc6 22. Ba3 1/2-1/2

[Event "Mitropa Cup 06th"]
[Site "Luxembourg"]
[Date "1981.??.??"]
[Round "1"]
[White "Bastian, Herbert"]
[Black "D'Amore, Carlo"]
[Result "1/2-1/2"]
[WhiteElo "2320"]
[BlackElo "2225"]
[PlyCount "94"]
[EventDate "1981.10.17"]
[EventType "team-tourn"]
[EventRounds "7"]
[EventCountry "LUX"]
[Source "ChessBase"]
[SourceDate "2000.11.22"]

1. e4 e5 2. Nf3 Nc6 3. Bc4 Nf6 4. d3 Be7 5. Nc3 d6 6. h3 Na5 7. Bb3 O-O 8. O-O
c6 9. d4 Qc7 10. Qd3 a6 11. Be3 Nd7 12. Rad1 h6 13. Nh2 b5 14. f4 exd4 15. Bxd4
b4 16. Qg3 Bf6 17. Ng4 Bxd4+ 18. Rxd4 Kh7 19. Rxb4 c5 20. Nd5 Qd8 21. Ra4 c4
22. Bxc4 Nb6 23. Nxb6 Qxb6+ 24. Qe3 Nxc4 25. Rxc4 Qxb2 26. f5 Qxa2 27. Rc6 f6
28. Rxd6 h5 29. Nf2 a5 30. Nd3 Ba6 31. e5 Bxd3 32. Qxd3 Rac8 33. Rf2 Qa1+ 34.
Qd1 Qxd1+ 35. Rxd1 fxe5 36. Rd5 Ra8 37. Rxe5 a4 38. c4 a3 39. Ra2 Ra4 40. Kh2
Kh6 41. Rb5 h4 42. Rb6+ Rf6 43. Rxf6+ gxf6 44. c5 Kg5 45. c6 Kxf5 46. Rc2 Ra8
47. c7 Rc8 1/2-1/2

[Event "Mitropa Cup 06th"]
[Site "Luxembourg"]
[Date "1981.??.??"]
[Round "1"]
[White "Borik, Otto"]
[Black "Arlandi, Ennio"]
[Result "1/2-1/2"]
[WhiteElo "2410"]
[BlackElo "2240"]
[PlyCount "146"]
[EventDate "1981.10.17"]
[EventType "team-tourn"]
[EventRounds "7"]
[EventCountry "LUX"]
[Source "ChessBase"]
[SourceDate "2000.11.22"]

1. Nf3 d5 2. c4 dxc4 3. e3 Be6 4. Na3 Nf6 5. Nxc4 Nbd7 6. d4 g6 7. Bd3 h6 8.
O-O Bg7 9. Qc2 O-O 10. e4 c6 11. h3 Re8 12. Be3 Bxc4 13. Bxc4 e5 14. Rad1 Qe7
15. Rfe1 Nh5 16. Qb3 exd4 17. Bxd4 Bxd4 18. Rxd4 Nb6 19. Qe3 Nxc4 20. Rxc4 Kh7
21. e5 Ng7 22. Rf4 c5 23. Qe4 Rad8 24. Rf6 Nh5 25. Rd6 Qxd6 26. exd6 Rxe4 27.
Rxe4 Rxd6 28. Re7 Rb6 29. b3 Kg7 30. Rc7 Nf4 31. Ne5 Ne2+ 32. Kf1 Nc1 33. Nxf7
Nxa2 34. Nd8+ Kg8 35. Nxb7 Nc1 36. Nxc5 Nxb3 37. Nxb3 Rxb3 38. Rxa7 Rb1+ 39.
Ke2 Rb2+ 40. Kf3 Rb3+ 41. Kf4 Rb2 42. Kg3 Rb3+ 43. Kh2 Rb2 44. f4 Rb3 45. Re7
Ra3 46. h4 Ra4 47. Kg3 h5 48. Kf3 Ra3+ 49. Re3 Ra5 50. Re7 Ra1 51. g3 Rf1+ 52.
Kg2 Ra1 53. f5 gxf5 54. Re5 Kg7 55. Rxf5 Kg6 56. Rg5+ Kh6 57. Re5 Ra6 58. Kf3
Rf6+ 59. Ke4 Rg6 60. Kf4 Rg4+ 61. Kf3 Rg6 62. Re8 Ra6 63. Ke4 Kg6 64. Ke5 Ra5+
65. Ke6 Ra6+ 66. Ke5 Ra5+ 67. Kf4 Ra4+ 68. Re4 Ra6 69. Rd4 Rb6 70. Rd3 Re6 71.
Rd5 Rf6+ 72. Ke4 Re6+ 73. Re5 Ra6 1/2-1/2

[Event "Mitropa Cup 06th"]
[Site "Luxembourg"]
[Date "1981.??.??"]
[Round "1"]
[White "Jelen, Iztok"]
[Black "Franzoni, Giancarlo"]
[Result "1-0"]
[WhiteElo "2415"]
[BlackElo "2295"]
[PlyCount "83"]
[EventDate "1981.10.17"]
[EventType "team-tourn"]
[EventRounds "7"]
[EventCountry "LUX"]
[Source "ChessBase"]
[SourceDate "2000.11.22"]

1. d4 d5 2. c4 c6 3. Nc3 Nf6 4. e3 g6 5. Nf3 Bg7 6. Be2 O-O 7. O-O b6 8. cxd5
cxd5 9. Ne5 Bb7 10. Qa4 Nfd7 11. Nd3 Nc6 12. Bf3 e6 13. b4 a6 14. Rd1 Rc8 15.
Bb2 b5 16. Qa3 Qe7 17. Qb3 Qg5 18. Ne2 Ne7 19. Nef4 Nf5 20. g3 Bc6 21. Nc5 Nxc5
22. dxc5 Rfd8 23. Bxg7 Kxg7 24. Qa3 Ne7 25. Qb2+ Qf6 26. Qxf6+ Kxf6 27. Ne2 d4
28. Nxd4 Bxf3 29. Nxf3 Rxd1+ 30. Rxd1 a5 31. a3 axb4 32. axb4 Nc6 33. Rb1 e5
34. Nd2 Ra8 35. Ne4+ Ke7 36. Nc3 Rb8 37. Nd5+ Ke6 38. e4 f5 39. f3 Nd4 40. Kg2
Rf8 41. Ra1 fxe4 42. fxe4 1-0

[Event "Mitropa Cup 06th"]
[Site "Luxembourg"]
[Date "1981.??.??"]
[Round "1"]
[White "Martinovic, Slobodan"]
[Black "Wirthensohn, Heinz"]
[Result "1-0"]
[WhiteElo "2405"]
[BlackElo "2420"]
[PlyCount "61"]
[EventDate "1981.10.17"]
[EventType "team-tourn"]
[EventRounds "7"]
[EventCountry "LUX"]
[Source "ChessBase"]
[SourceDate "2000.11.22"]

1. c4 e5 2. g3 c5 3. Bg2 g6 4. Nc3 Nc6 5. Nf3 Bg7 6. O-O Nge7 7. a3 d6 8. b4 e4
9. Ne1 f5 10. Rb1 O-O 11. Nc2 Rb8 12. Bb2 Be6 13. d3 exd3 14. exd3 Bf7 15. Re1
Re8 16. Qd2 Qd7 17. b5 Nd4 18. Nxd4 Bxd4 19. Ne2 Bxb2 20. Qxb2 d5 21. Nf4 d4
22. h4 Kg7 23. Re5 Rbc8 24. Rbe1 Ng8 25. Rxe8 Rxe8 26. Rxe8 Bxe8 27. b6 a6 28.
Qe2 Bf7 29. Qe5+ Kh6 30. Qxc5 Nf6 $4 31. Qf8# 1-0

[Event "Mitropa Cup 06th"]
[Site "Luxembourg"]
[Date "1981.??.??"]
[Round "1"]
[White "Mikenda, Werner"]
[Black "Stull, Norbert"]
[Result "1/2-1/2"]
[WhiteElo "2225"]
[BlackElo "2215"]
[PlyCount "68"]
[EventDate "1981.10.17"]
[EventType "team-tourn"]
[EventRounds "7"]
[EventCountry "LUX"]
[Source "ChessBase"]
[SourceDate "2000.11.22"]

1. d4 Nf6 2. c4 g6 3. Nc3 Bg7 4. e4 d6 5. Nf3 O-O 6. Be3 Bg4 7. Be2 Nfd7 8. O-O
e5 9. d5 a5 10. Nd2 Bxe2 11. Qxe2 Na6 12. a3 f5 13. f3 Nf6 14. Rab1 Nh5 15. b4
axb4 16. axb4 Nf4 17. Bxf4 exf4 18. Qd3 Nb8 19. Ne2 Qg5 20. Nd4 Bxd4+ 21. Qxd4
Nd7 22. Ra1 fxe4 23. Nxe4 Qe5 24. Qxe5 Nxe5 25. c5 Nd3 26. cxd6 cxd6 27. b5 Nb4
28. Nxd6 Nxd5 29. Nxb7 Rab8 30. Rfd1 Nc3 31. Rd7 Nxb5 32. Ra5 Rf5 33. g4 fxg3
34. hxg3 Rc8 1/2-1/2

[Event "Mitropa Cup 06th"]
[Site "Luxembourg"]
[Date "1981.??.??"]
[Round "1"]
[White "Schammo, Jean"]
[Black "Stoppel, Franz"]
[Result "1/2-1/2"]
[WhiteElo "2230"]
[BlackElo "2245"]
[PlyCount "53"]
[EventDate "1981.10.17"]
[EventType "team-tourn"]
[EventRounds "7"]
[EventCountry "LUX"]
[Source "ChessBase"]
[SourceDate "2000.11.22"]

1. e4 e6 2. c4 d5 3. exd5 exd5 4. d4 Nf6 5. Nf3 Be7 6. Be2 O-O 7. O-O c6 8. Qb3
Qb6 9. Nc3 Bg4 10. Qxb6 axb6 11. cxd5 Nxd5 12. Nxd5 cxd5 13. Bd2 Nc6 14. Bc3
Bf6 15. Rfd1 Rfe8 16. Kf1 h5 17. h3 Bf5 18. a3 Be4 19. Rac1 g6 20. Ng1 h4 21.
f3 Bf5 22. Bd3 Ne7 23. Bb5 Rec8 24. Ne2 Bg5 25. Bd2 Bxd2 26. Rxc8+ Rxc8 27.
Rxd2 1/2-1/2

[Event "Mitropa Cup 06th"]
[Site "Luxembourg"]
[Date "1981.??.??"]
[Round "1"]
[White "Zueger, Beat"]
[Black "Djuric, Stefan"]
[Result "0-1"]
[WhiteElo "2360"]
[BlackElo "2460"]
[PlyCount "74"]
[EventDate "1981.10.17"]
[EventType "team-tourn"]
[EventRounds "7"]
[EventCountry "LUX"]
[Source "ChessBase"]
[SourceDate "2000.11.22"]

1. c4 Nf6 2. g3 c5 3. Bg2 Nc6 4. Nc3 g6 5. Nf3 Bg7 6. O-O d5 7. cxd5 Nxd5 8.
Ng5 Nb6 9. d3 Nd4 10. e3 Nc6 11. Nge4 c4 12. dxc4 Qxd1 13. Rxd1 Nxc4 14. b3 Bg4
15. f3 Bf5 16. bxc4 Bxe4 17. Bb2 Bf5 18. Na4 Bxb2 19. Nxb2 Rc8 20. f4 O-O 21.
Bf3 Na5 22. Rac1 Rc5 23. Rd5 Rfc8 24. Rxc5 Rxc5 25. Rd1 Be6 26. Rd8+ Kg7 27.
Bd5 Nc6 28. Bxc6 Rxc6 29. Rd4 Ra6 30. a4 Rb6 31. Rd2 Rb3 32. Kf2 Rc3 33. Ke2 b6
34. Rd3 Rxc4 35. Kd2 Rb4 36. Kc3 a5 37. h4 h5 0-1

[Event "Mitropa Cup 06th"]
[Site "Luxembourg"]
[Date "1981.??.??"]
[Round "2"]
[White "Arlandi, Ennio"]
[Black "Martinovic, Slobodan"]
[Result "1-0"]
[WhiteElo "2240"]
[BlackElo "2405"]
[PlyCount "105"]
[EventDate "1981.10.17"]
[EventType "team-tourn"]
[EventRounds "7"]
[EventCountry "LUX"]
[Source "ChessBase"]
[SourceDate "2000.11.22"]

1. d4 Nf6 2. c4 d6 3. Nc3 Nbd7 4. e4 e5 5. Nf3 Be7 6. g3 O-O 7. Bg2 a6 8. Qc2
c6 9. O-O b5 10. Rd1 Qc7 11. dxe5 dxe5 12. cxb5 cxb5 13. Qe2 Bb7 14. Bg5 Rad8
15. Rac1 Qb8 16. Nh4 g6 17. f4 exf4 18. gxf4 b4 19. Na4 Rfe8 20. e5 Nh5 21.
Bxe7 Rxe7 22. Nf5 gxf5 23. Qxh5 Bxg2 24. Kxg2 Re6 25. Qxf5 Rg6+ 26. Kf3 Nf8 27.
Nc5 Ne6 28. Nxe6 fxe6 29. Qe4 Rxd1 30. Rxd1 Qe8 31. Qd4 Qc6+ 32. Ke3 Qe8 33.
Qd8 Kf8 34. Kf3 a5 35. Rd6 Qxd8 36. Rxd8+ Ke7 37. Ra8 Rh6 38. Rxa5 Rxh2 39. b3
Rc2 40. Ra7+ Ke8 41. Rxh7 Rxa2 42. Rb7 Rb2 43. Rxb4 Kd7 44. Rb6 Rb1 45. b4 Rf1+
46. Ke3 Re1+ 47. Kf2 Rb1 48. Kg3 Rg1+ 49. Kh4 Rg2 50. b5 Rg1 51. Rb7+ Kd8 52.
b6 Rg2 53. Rf7 1-0

[Event "Mitropa Cup 06th"]
[Site "Luxembourg"]
[Date "1981.??.??"]
[Round "2"]
[White "Barle, Janez"]
[Black "Tassi, Oliviero"]
[Result "1/2-1/2"]
[WhiteElo "2410"]
[BlackElo "2225"]
[PlyCount "59"]
[EventDate "1981.10.17"]
[EventType "team-tourn"]
[EventRounds "7"]
[EventCountry "LUX"]
[Source "ChessBase"]
[SourceDate "2000.11.22"]

1. e4 c5 2. Nf3 d6 3. d4 cxd4 4. Nxd4 Nf6 5. Nc3 a6 6. g3 e5 7. Nde2 Nbd7 8. a4
b6 9. Bg2 Bb7 10. O-O Be7 11. Nd5 Nxd5 12. exd5 b5 13. a5 Rc8 14. Be3 O-O 15.
f4 Bf6 16. Ra2 Re8 17. Qd2 Qe7 18. f5 e4 19. Rf4 Qe5 20. Rxe4 Qxf5 21. Rxe8+
Rxe8 22. Bf4 Qh5 23. Be3 Ne5 24. Nf4 Qg4 25. Qc1 Nf3+ 26. Kh1 Bd4 27. Ra3 Bxe3
28. Rxe3 Rxe3 29. Qxe3 Ne5 30. Qe1 1/2-1/2

[Event "Mitropa Cup 06th"]
[Site "Luxembourg"]
[Date "1981.??.??"]
[Round "2"]
[White "D'Amore, Carlo"]
[Black "Jelen, Iztok"]
[Result "1/2-1/2"]
[WhiteElo "2225"]
[BlackElo "2415"]
[PlyCount "83"]
[EventDate "1981.10.17"]
[EventType "team-tourn"]
[EventRounds "7"]
[EventCountry "LUX"]
[Source "ChessBase"]
[SourceDate "2000.11.22"]

1. e4 e6 2. d4 d5 3. Nd2 c5 4. Ngf3 Nc6 5. exd5 exd5 6. Bb5 Bd6 7. dxc5 Bxc5 8.
Nb3 Bd6 9. Qd4 Nf6 10. O-O O-O 11. Bxc6 bxc6 12. Bf4 Bf5 13. c3 Be4 14. Bxd6
Qxd6 15. Qe5 Qd8 16. Nfd4 Re8 17. Qf4 Qb6 18. Qd6 Rac8 19. Rfe1 c5 20. Qxb6
axb6 21. Nb5 Bd3 22. Nd6 Rxe1+ 23. Rxe1 Rd8 24. Nc1 Bc2 25. Re2 Ba4 26. Nf5 g6
27. Ng3 Bb5 28. Rd2 Re8 29. Nge2 Ne4 30. Rc2 Kg7 31. f3 Nd6 32. Kf2 Nc4 33. b3
Ne3 34. Rd2 g5 35. g3 Bc6 36. h3 h5 37. h4 gxh4 38. gxh4 Nf5 39. Nf4 d4 40.
cxd4 Nxd4 41. Nxh5+ Kg6 42. Ng3 1/2-1/2

[Event "Mitropa Cup 06th"]
[Site "Luxembourg"]
[Date "1981.??.??"]
[Round "2"]
[White "Herbrechtsmeier, Christof"]
[Black "Mikenda, Werner"]
[Result "0-1"]
[WhiteElo "2330"]
[BlackElo "2225"]
[PlyCount "78"]
[EventDate "1981.10.17"]
[EventType "team-tourn"]
[EventRounds "7"]
[EventCountry "LUX"]
[Source "ChessBase"]
[SourceDate "2000.11.22"]

1. e4 c5 2. Nf3 Nc6 3. d4 cxd4 4. Nxd4 e6 5. Nc3 Qc7 6. g3 a6 7. Bg2 Nf6 8. O-O
Be7 9. Nce2 O-O 10. c4 Rd8 11. Nxc6 bxc6 12. Qc2 d6 13. Bf4 e5 14. Bd2 a5 15.
Nc3 Nd7 16. Be3 Nb6 17. Na4 Nxa4 18. Qxa4 Be6 19. Rac1 Rdb8 20. Qc2 a4 21. Qe2
Rb4 22. Rc2 Rab8 23. Rb1 h6 24. Bd2 R4b7 25. Bc3 Qb6 26. b4 axb3 27. axb3 Qc5
28. Rcb2 Bd8 29. Qc2 Ba5 30. Bxa5 Qxa5 31. h3 Qc5 32. Kh2 Rb4 33. Bf1 d5 34.
cxd5 Qxc2 35. Rxc2 cxd5 36. exd5 Bf5 37. Rbc1 Bxc2 38. Rxc2 Rxb3 39. Kg2 Rb2
0-1

[Event "Mitropa Cup 06th"]
[Site "Luxembourg"]
[Date "1981.??.??"]
[Round "2"]
[White "Poecksteiner, Johann"]
[Black "Miltner, Arndt"]
[Result "1-0"]
[WhiteElo "2240"]
[BlackElo "2315"]
[PlyCount "45"]
[EventDate "1981.10.17"]
[EventType "team-tourn"]
[EventRounds "7"]
[EventCountry "LUX"]
[Source "ChessBase"]
[SourceDate "2000.11.22"]

1. d4 Nf6 2. c4 c5 3. d5 e5 4. Nc3 d6 5. e4 Nbd7 6. h3 Be7 7. Be3 h5 8. Nf3 h4
9. Be2 Nf8 10. O-O Ng6 11. a3 Nh5 12. Nxe5 Nxe5 13. Bxh5 Nxc4 14. Qa4+ Kf8 15.
Qxc4 Rxh5 16. f4 Rh6 17. e5 Bf5 18. Rad1 b6 19. Rf3 Rg6 20. Bf2 Qd7 21. Kh2 a6
22. Ne4 Bxh3 23. gxh3 1-0

[Event "Mitropa Cup 06th"]
[Site "Luxembourg"]
[Date "1981.??.??"]
[Round "2"]
[White "Stoppel, Franz"]
[Black "Borik, Otto"]
[Result "1/2-1/2"]
[WhiteElo "2245"]
[BlackElo "2410"]
[PlyCount "78"]
[EventDate "1981.10.17"]
[EventType "team-tourn"]
[EventRounds "7"]
[EventCountry "LUX"]
[Source "ChessBase"]
[SourceDate "2000.11.22"]

1. d4 Nf6 2. Nf3 c5 3. c4 cxd4 4. Nxd4 b6 5. f3 d6 6. e4 Nbd7 7. Nc3 Bb7 8. Be3
e6 9. Be2 Be7 10. O-O O-O 11. Qd2 a6 12. Rac1 Re8 13. Rfd1 Qc7 14. Bf1 Rad8 15.
Qf2 Qb8 16. Kh1 Bf8 17. h3 Rc8 18. b3 g6 19. Qd2 Nh5 20. Nde2 Ba8 21. Na4 d5
22. cxd5 Rxc1 23. Rxc1 exd5 24. exd5 Re5 25. Rd1 Rxd5 26. Qc2 Rxd1 27. Qxd1 Bc6
28. Nac3 Qe5 29. Bg1 Bb4 30. Bh2 Qe3 31. Nd5 Bxd5 32. Qxd5 Qf2 33. Qd1 Bc5 34.
g4 Nhf6 35. Bg2 Nf8 36. Bg1 Qh4 37. Nd4 Nd5 38. Qd2 Bb4 39. Qc1 Be1 1/2-1/2

[Event "Mitropa Cup 06th"]
[Site "Luxembourg"]
[Date "1981.??.??"]
[Round "2"]
[White "Stull, Norbert"]
[Black "Benoit, Michel"]
[Result "1-0"]
[WhiteElo "2215"]
[BlackElo "2235"]
[PlyCount "87"]
[EventDate "1981.10.17"]
[EventType "team-tourn"]
[EventRounds "7"]
[EventCountry "LUX"]
[Source "ChessBase"]
[SourceDate "2000.11.22"]

1. c4 d6 2. d4 Nf6 3. Nc3 Bf5 4. Nf3 g6 5. g3 Qc8 6. Qb3 Bg7 7. Bg2 c6 8. O-O
Ne4 9. Bf4 Nd7 10. Nxe4 Bxe4 11. Qe3 Nf6 12. Bxd6 exd6 13. Nd2 d5 14. cxd5 cxd5
15. f3 Qc2 16. fxe4 Ng4 17. Qc3 Rc8 18. Qb4 Bh6 19. Qb5+ Qc6 20. Qxc6+ Rxc6 21.
exd5 Rc2 22. Ne4 Be3+ 23. Kh1 f5 24. h3 h5 25. Nd6+ Ke7 26. Nxb7 h4 27. d6+ Kd7
28. Bf3 Nf2+ 29. Kg2 hxg3 30. Kxg3 Rxh3+ 31. Kg2 Rc8 32. Rxf2 Rch8 33. Kf1 Rh1+
34. Bxh1 Rxh1+ 35. Kg2 Rxa1 36. Rf3 f4 37. Rh3 Bxd4 38. Rh7+ Kc6 39. d7 Bb6 40.
d8=Q Bxd8 41. Nxd8+ Kb6 42. Rb7+ Ka6 43. Rb8 g5 44. Ne6 1-0

[Event "Mitropa Cup 06th"]
[Site "Luxembourg"]
[Date "1981.??.??"]
[Round "3"]
[White "Bastian, Herbert"]
[Black "Benoit, Michel"]
[Result "1-0"]
[WhiteElo "2320"]
[BlackElo "2235"]
[PlyCount "64"]
[EventDate "1981.10.17"]
[EventType "team-tourn"]
[EventRounds "7"]
[EventCountry "LUX"]
[Source "ChessBase"]
[SourceDate "2000.11.22"]

1. e4 d6 2. d4 g6 3. Nf3 Bg7 4. c3 b6 5. Bd3 Bb7 6. O-O Nd7 7. Qe2 Ngf6 8. Nbd2
O-O 9. e5 dxe5 10. Nxe5 Nxe5 11. dxe5 Qd5 12. f4 Nd7 13. b4 Qe6 14. Nf3 h6 15.
Nd4 Qd5 16. Bc4 Qe4 17. Qf2 c5 18. Re1 Qxg2+ 19. Qxg2 Bxg2 20. Kxg2 cxd4 21.
cxd4 Rfc8 22. Bb3 e6 23. Be3 b5 24. d5 exd5 25. Bxd5 Rc2+ 26. Kg1 Rd8 27. Rad1
Rc7 28. e6 Nb6 29. exf7+ Kh7 30. Be6 Rxd1 31. Rxd1 Re7 32. f5 Bf8 1-0

[Event "Mitropa Cup 06th"]
[Site "Luxembourg"]
[Date "1981.??.??"]
[Round "3"]
[White "Borik, Otto"]
[Black "Seret, Jean Luc"]
[Result "1/2-1/2"]
[WhiteElo "2410"]
[BlackElo "2365"]
[PlyCount "75"]
[EventDate "1981.10.17"]
[EventType "team-tourn"]
[EventRounds "7"]
[EventCountry "LUX"]
[Source "ChessBase"]
[SourceDate "2000.11.22"]

1. d4 d5 2. c4 c6 3. Nf3 Nf6 4. e3 e6 5. Nbd2 Nbd7 6. Bd3 Bd6 7. O-O O-O 8. e4
e5 9. cxd5 cxd5 10. exd5 exd4 11. Ne4 Bb8 12. Bg5 Qb6 13. Nxd4 Nxd5 14. Ng3 Bf4
15. Nf3 N7f6 16. Bc4 Ne3 17. fxe3 Bxg5 18. Nxg5 Qxe3+ 19. Kh1 Qxg5 20. Qb3 b5
21. Qxb5 Qxb5 22. Bxb5 Rb8 23. a4 a6 24. Be2 Rxb2 25. Rfb1 Rxb1+ 26. Rxb1 g6
27. Rb6 Nd5 28. Rd6 Nc3 29. Bxa6 Nxa4 30. h4 Bxa6 31. Rxa6 Nc5 32. Rc6 Nd3 33.
h5 Ra8 34. hxg6 hxg6 35. Ne4 Kg7 36. Rc7 Ra3 37. Rc3 Nf2+ 38. Kg1 1/2-1/2